[Event "Tourn. n9055"]
[Site "www.chess-mail.com"]
[Date "2017.02.15"]
[Round "1"]
[White "Obisporey"]
[Black "Seger"]
[WhiteElo "2610"]
[BlackElo "2800"]
[Result "0-1"]
[Round "1"]
1.e4 c5
2.Ng1f3 d6
3.d4 cxd4
4.Nf3xd4 Nb8c6
5.Nb1c3 e5
6.Nd4f5 Bc8xf5
7.exf5 Qd8d7
8.g3 Qd7xf5
9.Bf1g2 Ng8f6
10.O-O Bf8e7
11.Nc3d5 Nf6xd5
12.Bg2xd5 O-O
13.c3 Ra8c8
14.f4 Qf5d7
15.Qd1a4 b6
16.Bc1e3 Rc8c7
17.Ra1d1 Be7f6
18.Qa4c2 Nc6b4
19.Qc2b1 Nb4xd5
20.Rd1xd5 Qd7e6
21.Rf1d1 exf4
22.Be3xf4 Bf6e5
23.Bf4xe5 dxe5
24.Rd5d6 Qe6e8
25.Qb1e4 g6
26.a4 Kg7
27.Qe4d5 Rc7e7
28.a5 bxa5
29.Qd5xa5 Qe8c8
30.Qa5b5 Rf8e8
31.Qb5e2 Qc8c5
32.Kg2 Re7b7
33.Rd1d5 Qc5c7
34.Kg1 e4
35.Qe2d2 Kg8
36.Rd6d8 Qc7b6
37.Qd2d4 Qb6xd4
38.Rd5xd4 Re8xd8
39.Rd4xd8 Kg7
40.b4 f5
41.Rd8c8 Kh6
42.Kf2 Kg5
43.h3 Rb7d7
44.c4 Rd7d2
45.Ke1 Rd2h2
46.Rc8c7 Rh2xh3
47.Rc7xa7 Rh3xg3
48.Ra7xh7 Rg3b3
49.c5 Rb3xb4
50.c6 Rb4c4
51.c7 Kf6
52.Ke2 g5
53.Rh7h6 Kg7
{ resign }
0-1

[Event "Tourn. n9045"]
[Site "www.chess-mail.com"]
[Date "2017.02.15"]
[Round "1"]
[White "Fieldfast"]
[Black "Woadman62"]
[WhiteElo "2280"]
[BlackElo "2610"]
[Result "1/2-1/2"]
[Round "1"]
1.e4 e5
2.Ng1f3 Ng8f6
3.Nf3xe5 d6
4.Ne5f3 Nf6xe4
5.d4 d5
6.Bf1d3 Nb8c6
7.O-O Bf8e7
8.Nb1d2 Ne4xd2
9.Bc1xd2 Bc8g4
10.c3 O-O
11.Bd2f4 Be7d6
12.Bf4xd6 Qd8xd6
13.Rf1e1 Bg4h5
14.Bd3c2 Rf8e8
15.Qd1d3 Bh5g6
16.Qd3d2 Bg6xc2
17.Qd2xc2 f6
18.Nf3h4 Qd6d7
19.Nh4f5 Nc6e7
20.Nf5xe7 Re8xe7
21.Qc2d2 Ra8e8
22.f3 c6
23.Re1xe7 Qd7xe7
24.Kf1 f5
25.g3 f4
26.Ra1e1 Qe7xe1
27.Qd2xe1 Re8xe1
28.Kxe1 Kf7
29.g4 b6
30.h4 c5
31.dxc5 bxc5
32.Ke2 c4
33.Kd2 Ke6
34.b3 Kd6
35.bxc4 dxc4
36.Kc2 Kc7
37.Kb2 Kc6
38.Kc2 Kb5
39.Kc1 Ka4
40.Kb2 a6
41.Ka1 Ka5
42.Kb2 Ka4
43.Ka1 Ka3
44.Kb1 g6
45.Ka1 Ka4
46.Kb2 Ka5
{ draw }
1/2-1/2

[Event "Tourn. n9184"]
[Site "www.chess-mail.com"]
[Date "2017.02.15"]
[Round "1"]
[White "Actmy"]
[Black "Yoj"]
[WhiteElo "2090"]
[BlackElo "1900"]
[Result "1-0"]
[Round "1"]
1.e4 e6
2.d4 b6
3.Nb1c3 g6
4.f4 d6
5.Ng1f3 Bc8b7
6.Bc1e3 Bf8e7
7.Qd1d2 Nb8d7
8.O-O-O Ng8f6
9.Bf1d3 c6
10.h3 c5
11.e5 dxe5
12.fxe5 Nf6d5
13.dxc5 Be7xc5
14.Be3xc5 Nd7xc5
15.Bd3b5 Nc5d7
16.Nc3e4 O-O
17.Qd2h6 Qd8e7
18.Bb5xd7  { time }
1-0

[Event "Tourn. n9165"]
[Site "www.chess-mail.com"]
[Date "2017.02.15"]
[Round "1"]
[White "Yoj"]
[Black "Picifarkinca"]
[WhiteElo "1749"]
[BlackElo "1630"]
[Result "0-1"]
[Round "1"]
1.g4 d5
2.e3 e5
3.Bf1g2 Bc8e6
4.h3 Bf8d6
5.Nb1c3 c6
6.d4 e4
7.Ng1e2 f5
8.Ne2f4 Bd6xf4
9.exf4 Nb8a6
10.g5 Ng8e7
11.Bc1e3 Qd8b6
12.b3 O-O-O
13.Bg2f1 g6
14.Bf1xa6 Qb6xa6
15.Nc3a4 b6
16.Qd1d2 Be6d7
17.c3 Kb8
18.Na4b2 h5
19.gxh6 Rh8xh6
 { time }
0-1

[Event "Tourn. n9047"]
[Site "www.chess-mail.com"]
[Date "2017.02.15"]
[Round "1"]
[White "Osopanda"]
[Black "Comrade"]
[WhiteElo "2060"]
[BlackElo "2260"]
[Result "1-0"]
[Round "1"]
1.Ng1f3 c5
2.d4 cxd4
3.Nf3xd4 e5
4.Nd4b3 Ng8f6
5.Bc1g5 Bf8e7
6.Nb1c3 Nb8c6
7.e4 d6
8.Bf1b5 a6
9.Bb5e2 Bc8e6
10.O-O h6
11.Bg5xf6 Be7xf6
12.Nc3d5 Bf6g5
13.c3 O-O
14.g3 f5
15.f4 exf4
16.gxf4 Bg5f6
17.Nd5xf6 Rf8xf6
18.exf5 Be6xf5
19.Be2c4 Bf5e6
20.Bc4xe6 Rf6xe6
21.Qd1d5 Qd8b6
22.Nb3d4 Nc6d8
23.Kh1 Qb6c5
24.Qd5xc5 dxc5
25.Nd4xe6 Nd8xe6
26.Ra1e1 Kf7
27.f5 Ne6c7
28.Re1e5 Ra8e8
29.Re5xc5 Nc7b5
30.a4 Nb5d6
31.Rc5c7 Re8e7
32.Rc7xe7 Kxe7
33.Kg2 Kf6
34.Rf1d1 Nd6xf5
35.Rd1d7 b5
36.axb5 axb5
37.Rd7b7 Nf5d6
38.Rb7b6 Ke5
39.Kf3 h5
40.h4 g6
41.b3 Kd5
42.c4 Kc5
43.Rb6xd6 Kxd6
44.Kf4 bxc4
45.bxc4 Kc5
46.Kg5 Kxc4
47.Kxg6 Kd5
48.Kxh5 Ke6
49.Kg6 { resign }
1-0

[Event "Match"]
[Site "www.echecsemail.com"]
[Date "2017.02.15"]
[Round "1"]
[White "Pellix84"]
[Black "Sonfamen"]
[WhiteElo "2070"]
[BlackElo "1809"]
[Result "0-1"]
[Round "1"]
1.d4 c6
2.c4 e5
3.dxe5 Qd8a5
4.Nb1c3 Qa5xe5
5.Ng1f3 Qe5c7
6.e3 Nb8a6
7.a3 Bf8c5
8.Bf1e2 Bc5d6
9.O-O Ng8f6
10.Nf3g5 Bd6xh2
11.Kh1 Bh2e5
12.Nc3e4 Nf6xe4
13.Ng5xe4 d5
14.cxd5 cxd5
15.Qd1xd5 Bc8e6
16.Be2b5 Ke7
17.Qd5d1 Ra8d8
18.Qd1f3 Na6c5
19.b4 Nc5xe4
20.Qf3xe4 Be5xa1
{ resign }
0-1

[Event "Match"]
[Site "www.echecsemail.com"]
[Date "2017.02.15"]
[Round "1"]
[White "Whitekknight"]
[Black "Yoj"]
[WhiteElo "1920"]
[BlackElo "1809"]
[Result "1-0"]
[Round "1"]
1.e4 g6
2.d4 e6
3.Nb1c3 Bf8g7
4.e5 d6
5.Ng1f3 b6
6.Bc1f4 dxe5
7.Nf3xe5 f6
8.Ne5f3 g5
9.Bf4e3 Nb8c6
10.Bf1b5 Ng8e7
11.O-O Bc8b7
12.Qd1d2 O-O
13.Ra1d1 Ne7d5
14.h3 a6
15.Bb5d3 Nc6e7
16.Nc3xd5 Bb7xd5
17.c4 Bd5xf3
18.gxf3 a5
19.Rf1e1 c6
20.Qd2c2 f5
21.Be3xg5 Qd8d6
22.Bd3f1 h6
23.c5 Qd6d7
24.cxb6 hxg5
25.Qc2d2 Bg7f6
26.Bf1g2 f4
27.Qd2e2 Ne7d5
28.Qe2xe6 Qd7xe6
29.Re1xe6 Nd5xb6
30.Re6xc6 Nb6d5
31.a3 a4
32.Bg2f1 Rf8b8
33.Bf1c4  { time }
1-0

[Event "Match"]
[Site "www.echecsemail.com"]
[Date "2017.02.15"]
[Round "1"]
[White "Rindrandria"]
[Black "Ranjachess"]
[WhiteElo "1690"]
[BlackElo "1730"]
[Result "0-1"]
[Round "1"]
1.e4 e5
2.d4 Ng8f6
3.d5 Nf6xe4
4.Qd1f3 Ne4f6
5.c4 Bf8c5
6.Qf3g3 O-O
7.Bc1h6 Nf6h5
8.Qg3g4 Qd8f6
9.Qg4xh5 Qf6xf2
10.Kd1 Qf2xf1
11.Kc2 Qf1xg2
12.Kb3 gxh6
13.Qh5f3 Qg2g6
14.Ng1e2 d6
15.h3 Bc8f5
16.Nb1d2 Kh8
17.Ne2f4 exf4
18.Qf3c3 f6
19.a3 Qg6g3
20.Nd2f3 Nb8d7
21.Ka2 Bf5e4
22.Ra1f1 Nd7e5
23.Rh1g1 Bc5xg1
24.Nf3xg1 Qg3xc3
25.bxc3 f3
26.Kb3 Rf8g8
27.h4 Rg8xg1
28.Rf1xg1 f2
29.Rg1f1 Ne5d3
30.h5 Ra8g8
31.Kc2 Rg8g1
32.Rf1xf2 Nd3xf2
33.Kd2 Rg1g2
34.Ke3 f5
35.a4 Nf2d3
36.a5 Rg2g7
37.c5 Rg7f7
38.c6 b6
39.a6 f4
40.Kxe4 f3
41.Kxd3 f2
42.Kc4 f1Q
43.Kb3 Qf1xa6
44.c4 Rf7f3
45.Kb2 Qa6a3
46.Kb1 Rf3f2
47.c5 Qa3b2

0-1

[Event "Match"]
[Site "www.echecsemail.com"]
[Date "2017.02.15"]
[Round "1"]
[White "Yoj"]
[Black "Babedad"]
[WhiteElo "1809"]
[BlackElo "2250"]
[Result "0-1"]
[Round "1"]
1.e4 e6
2.Nb1c3 d5
3.exd5 exd5
4.d4 Bf8b4
5.Qd1e2 Qd8e7
6.Qe2xe7 Ng8xe7
7.Bf1b5 c6
8.Bb5a4 b5
9.Ba4b3 a5
10.a3 Bb4d6
11.Ng1f3 Bc8f5
12.Nf3h4 Bf5g6
13.Nh4xg6 Ne7xg6
14.O-O O-O
15.g3 Nb8d7
16.a4 b4
17.Nc3e2 Rf8e8
18.Bc1f4 Bd6xf4
19.Ne2xf4 Ng6xf4
20.gxf4 Re8e7
21.Ra1e1 Ra8e8
22.Re1xe7 Re8xe7
23.Kg2 f5
24.Kg3 Nd7f6
25.Rf1d1 Nf6h5
26.Kf3 Re7e4
27.Rd1d3 Re4xf4
28.Ke3 Rf4e4
29.Kf3 g5
 { time }
0-1

[Event "Match"]
[Site "www.echecsemail.com"]
[Date "2017.02.15"]
[Round "1"]
[White "Iko"]
[Black "Albertf"]
[WhiteElo "1640"]
[BlackElo "1770"]
[Result "1-0"]
[Round "1"]
1.e4 e5
2.Ng1f3 Nb8c6
3.Bf1b5 Ng8e7
4.O-O a6
5.Bb5xc6 Ne7xc6
6.d4 exd4
7.Nf3xd4 Nc6xd4
8.Qd1xd4 d6
9.Rf1d1 Bc8e6
10.Qd4b4 b6
11.Nb1a3 d5
12.Qb4e1 Bf8xa3
13.exd5 Qd8e7
14.bxa3 Be6f5
15.Qe1xe7 Kxe7
16.Rd1e1 Kd7
17.Bc1f4 Bf5xc2
18.Ra1c1 Bc2f5
19.Rc1xc7 Kd8
20.Rc7xf7 { resign }
1-0

[Event "Eq:Slap Shot Mates-Team USA : "]
[Site "www.chess-mail.com"]
[Date "2017.02.15"]
[Round "1"]
[White "Uji40"]
[Black "Mustaphly"]
[WhiteElo "2070"]
[BlackElo "2740"]
[Result "0-1"]
[Round "1"]
1.e4 c5
2.Qd1h5 e6
3.e5 Nb8c6
4.c3 d6
5.Bf1b5 Bc8d7
6.Ng1f3 g6
7.Qh5h4 Qd8xh4
8.Nf3xh4 Nc6xe5
9.O-O Bd7xb5
10.Rf1d1 Bb5e2
11.Nh4f3 Ne5xf3
12.gxf3 Be2xd1
13.b3 Bd1xf3
14.d3 Bf8g7
15.Bc1d2 Ng8e7
16.Bd2e1 O-O
17.Nb1d2 Bf3e2
18.Nd2c4 Rf8d8
19.Nc4b2 b5
20.Ra1c1 Ne7d5
21.c4 Bg7xb2
22.Rc1c2 Be2xd3
23.Rc2xb2 bxc4
24.bxc4 Bd3xc4
25.Rb2c2 Bc4d3
{ resign }
0-1

[Event "Fast Game"]
[Site "www.echecsemail.com"]
[Date "2017.02.15"]
[Round "1"]
[White "Attatroll"]
[Black "Yaw1"]
[WhiteElo "1850"]
[BlackElo "1799"]
[Result "0-1"]
[Round "1"]
1.d4 d5
2.c4 dxc4
3.e3 c5
4.Bf1xc4 cxd4
5.exd4 Nb8c6
6.Ng1f3 Ng8f6
7.O-O Bc8g4
8.Qd1b3 e6
9.Bc1g5 h6
10.Bg5xf6 gxf6
11.Rf1e1 Rh8g8
12.Kh1 Bg4xf3
13.gxf3 Nc6xd4
14.Qb3a4 Nd4c6
15.Nb1c3 f5
16.Ra1d1 Qd8g5
17.Nc3d5 Qg5g2

0-1

[Event "Tourn. n9175"]
[Site "www.chess-mail.com"]
[Date "2017.02.16"]
[Round "1"]
[White "Picifarkinca"]
[Black "Balbyns"]
[WhiteElo "1670"]
[BlackElo "1759"]
[Result "1/2-1/2"]
[Round "1"]
1.e4 e5
2.Nb1c3 Ng8f6
3.Ng1e2 Nb8c6
4.g3 d5
5.exd5 Nf6xd5
6.Bf1g2 Bc8e6
7.d3 Bf8e7
8.f4 Qd8d6
9.O-O exf4
10.Nc3xd5 Be6xd5
11.Bc1xf4 Qd6c5
12.Kh1 Bd5xg2
13.Kxg2 O-O-O
14.h3 Qc5d5
15.Kh2 f6
16.Ne2c3 Qd5f7
17.Qd1g4 Kb8
18.Bf4e3 Nc6e5
19.Qg4a4 Ne5c6
20.Ra1e1 a6
21.Qa4b3 Qf7xb3
22.axb3 Rh8e8
23.Rf1f2 Be7c5
24.Rf2e2 Bc5xe3
25.Re2xe3 Nc6e5
26.Kg2 Re8f8
27.Nc3e4 h6
28.Ne4d2 g5
29.Nd2c4 Ne5xc4
30.bxc4 c5
31.Re3e6 Rf8f7
32.g4 Kc7
33.Kg3 Rd8d6
34.Re6e8 Rd6d8
35.Re8e6 Rd8d6
36.Re6e8 Rd6d8
37.Re8e6 Rd8d6
38.Re6e8 Rd6d8
39.Re8e4 Rd8d4
40.Re4xd4 cxd4
41.Re1e4 Rf7d7
42.h4 Rd7d6
43.h5 Kd7
44.b4 Rd6b6
45.Re4xd4 Rb6d6
46.Rd4d5 Rd6xd5
47.cxd5 b6
48.Kf3 Kd6
49.Ke4 a5
50.bxa5 bxa5

1/2-1/2

[Event "Tourn. n9222"]
[Site "www.chess-mail.com"]
[Date "2017.02.16"]
[Round "1"]
[White "Bojan"]
[Black "Norlavuaram"]
[WhiteElo "2070"]
[BlackElo "2180"]
[Result "1-0"]
[Round "1"]
1.e4 e5
2.Ng1f3 Nb8c6
3.d4 exd4
4.Nf3xd4 Bf8c5
5.c3 Qd8f6
6.Bc1e3 Ng8e7
7.Qd1d2 Bc5b6
8.Nd4b5 O-O
9.Be3xb6 cxb6
10.Bf1e2 Qf6g6
11.Be2f3 Nc6e5
12.Qd2e3 Ne7c6
13.Nb1d2 d6
14.O-O-O Bc8g4
15.Bf3xg4 Ne5xg4
16.Qe3g3 Ra8d8
17.h3 Ng4e5
18.Qg3xg6 Ne5xg6
19.Nd2f3 Ng6f4
20.g3 Nf4e6
21.Nb5xd6 Ne6c5
22.Rh1e1 a5
23.Nd6b5 Rf8e8
24.Rd1xd8 Re8xd8
25.Kc2 Nc5d3
26.Re1e2 f6
27.Nf3d2 Nd3c5
28.Nd2c4 Nc5d7
29.Nb5d6 Nd7c5
30.b3 Kf8
31.f3 Ke7
32.Nd6f5 Kf7
33.Nc4xb6 g6
34.Nf5e3 Nc6e5
35.f4 Ne5c6
36.Ne3d5 Rd8e8
37.Kd2 Re8xe4
38.Nb6c4 Re4xe2
39.Kxe2 Ke6
40.Nd5c7 Kd7
41.Nc7a8 Nc5e4
42.Na8b6 Ke6
43.Kf3 Ne4xc3
44.a3 Nc3b5
45.Ke4 Nb5d6
46.Nc4xd6 Kxd6
47.Nb6c4 Kc5
48.g4 b5
49.Nc4b2 Kd6
50.a4 bxa4
51.Nb2xa4 Nc6b4
52.Na4b6 Nb4c6
53.Nb6a4 Nc6b4
54.Kd4 Nb4d5
55.Ke4 Nd5c7
56.h4 Nc7b5
57.h5 Nb5c7
58.hxg6 hxg6
59.f5 g5
60.Kd4 Kc6
61.Na4c3 Nc7e8
62.Kc4 Ne8d6
63.Kd4 Nd6b5
64.Nc3xb5 Kxb5
65.Kd5 Kb4
66.Ke6 Kxb3
67.Kxf6 a4
68.Kxg5 a3
69.f6 a2
70.f7 a1Q
71.f8Q Qa1a5
72.Kg6 Qa5b6
73.Qf8f6 Qb6e3
74.Kg7 Kc4
75.g5 Qe3a7
76.Qf6f7 { resign }
1-0

[Event "Tourn. n9230"]
[Site "www.chess-mail.com"]
[Date "2017.02.16"]
[Round "1"]
[White "Yaw1"]
[Black "Norlavuaram"]
[WhiteElo "2139"]
[BlackElo "2190"]
[Result "0-1"]
[Round "1"]
1.d4 Ng8f6
2.g3 g6
3.Bf1g2 Bf8g7
4.b3 O-O
5.Bc1b2 d5
6.Nb1d2 b6
7.Ng1f3 Bc8b7
8.O-O Nb8d7
 { time }
0-1

[Event "Tourn. n9253"]
[Site "www.chess-mail.com"]
[Date "2017.02.16"]
[Round "1"]
[White "Balbyns"]
[Black "Mihaiiorga"]
[WhiteElo "1750"]
[BlackElo "1789"]
[Result "0-1"]
[Round "1"]
1.Ng1f3 d6
2.b3 Ng8f6
3.Bc1b2 Nb8d7
4.e3 e5
5.d3 Bf8e7
6.Nb1d2 O-O
7.Bf1e2 b6
8.O-O Bc8b7
9.e4 c6
10.a4 Qd8c7
11.d4 exd4
12.Nf3xd4 d5
13.exd5 Nf6xd5
14.Nd4f5 Be7f6
15.Bb2xf6 Nd7xf6
16.Be2d3 Ra8d8
17.Qd1f3 g6
18.Nf5h6 Kg7
19.Nh6g4 Nf6xg4
20.Qf3xg4 Nd5f4
21.Qg4g3 Rd8xd3
22.Qg3xd3 Nf4xd3
23.cxd3 Rf8d8
{ resign }
0-1

[Event "Tourn. n9244"]
[Site "www.chess-mail.com"]
[Date "2017.02.16"]
[Round "1"]
[White "Faerieking"]
[Black "Bojan"]
[WhiteElo "2190"]
[BlackElo "2050"]
[Result "1-0"]
[Round "1"]
1.e4 e5
2.Ng1f3 Nb8c6
3.Bf1c4 h6
4.d4 exd4
5.Nf3xd4 Qd8f6
6.Nd4xc6 dxc6
7.O-O Bf8c5
8.Nb1c3 Ng8e7
9.Qd1e2 Ne7g6
10.Bc1e3 Bc5xe3
11.fxe3 Qf6e5
12.Bc4xf7 Kd8
13.Ra1d1 Ke7
14.Bf7xg6 Bc8e6
15.Bg6f5 Be6f7
16.Rd1d7 Ke8
17.Qe2d3 Bf7e6
18.Bf5g6 { resign }
1-0

[Event "Tourn. n9126"]
[Site "www.chess-mail.com"]
[Date "2017.02.16"]
[Round "1"]
[White "Norlavuaram"]
[Black "Hundegana"]
[WhiteElo "2230"]
[BlackElo "2000"]
[Result "1-0"]
[Round "1"]
1.e4 c5
2.Ng1f3 d6
3.d4 Qd8a5
4.Nb1c3 Nb8c6
5.Bc1e3 cxd4
6.Nf3xd4 Nc6xd4
7.Be3xd4 e5
8.Bd4e3 Ng8f6
9.f3 Bf8e7
10.Bf1c4 O-O
11.O-O Bc8d7
12.Kh1 Ra8c8
13.Bc4b3 a6
14.Qd1d2 Nf6e8
15.Nc3d5 Qa5d8
16.Ra1d1 Bd7c6
17.c3 Bc6xd5
18.Bb3xd5 b5
19.f4 Kh8
20.fxe5 dxe5
21.Rf1xf7 Rf8xf7
22.Bd5xf7 Qd8xd2
23.Rd1xd2 Ne8f6
24.Bf7d5 Nf6xd5
25.Rd2xd5 Be7f6
26.h3 Kg8
27.Kg1 Kf7
28.Rd5d6 a5
29.Rd6d5 Rc8b8
30.Rd5d7 Ke6
31.Rd7d5 h5
32.Be3c5 b4
33.cxb4 axb4
34.Rd5d6 Kf7
35.Rd6b6 Rb8xb6
36.Bc5xb6 Bf6e7
37.Kf2 Ke6
38.Ke3 Kd6
39.Kd3 Kc6
40.Bb6f2 Kb5
41.b3 g5
42.g4 hxg4
43.hxg4 Be7c5
44.Bf2e1 Bc5e7
45.Be1d2 Kc5
46.Bd2c1 Kb5
47.Bc1b2 Be7f6
48.a4 bxa3
49.Bb2xa3 Bf6d8
50.Ba3d6 Bd8f6
51.Kc3 Kc6
52.Bd6f8 Kb5
53.b4 Kb6
54.Kc4 Kc6
55.b5 Kb6
56.Bf8c5 Kc7
57.Kd5 Kd7
58.Bc5d6 Kc8
59.Ke6 Bf6d8
60.Bd6xe5 Kb7
61.Be5d4 Bd8c7
62.Kf5 Bc7f4
63.e5 Kc7
64.Bd4c5 Kb7
65.e6 Kc7
66.Kf6 Kd8
67.Bc5d4 Ke8
68.Bd4e5 Bf4e3
69.Be5c7 Be3d4
70.Kxg5 Ke7
71.Kf5 Bd4e3
72.b6 Be3xb6
73.Bc7xb6 Ke8
74.Kf6 Kf8
75.e7 Ke8
76.g5 Kd7
77.g6 Kc6
78.Bb6d8 Kd7
79.Kf7 Kc8
80.e8Q Kb8
81.g7 Kc8
82.g8Q Kb7
83.Qe8d7 Ka8
84.Qg8g6 Kb8
85.Qg6b6 Ka8
86.Qd7a4 
1-0

[Event "Tourn. n9165"]
[Site "www.chess-mail.com"]
[Date "2017.02.16"]
[Round "1"]
[White "Coolant"]
[Black "Picifarkinca"]
[WhiteElo "1769"]
[BlackElo "1650"]
[Result "1-0"]
[Round "1"]
1.Nb1c3 Ng8f6
2.Ng1f3 d5
3.d4 Nb8d7
4.Bc1g5 c6
5.Qd1d3 h6
6.Bg5xf6 Nd7xf6
7.Nf3e5 e6
8.O-O-O Bf8b4
9.f3 Bb4xc3
10.Qd3xc3 O-O
11.g4 Nf6d7
12.h4 Nd7xe5
13.dxe5 Qd8e7
14.f4 Bc8d7
15.e3 b5
16.Bf1g2 c5
17.Qc3a5 b4
18.e4 d4
19.f5 exf5
20.exf5 Qe7xe5
21.Bg2xa8 Rf8xa8
22.Rd1e1 Qe5d5
23.Rh1h2 Qd5c6
24.Rh2e2 Qc6b6
25.Qa5xb6 axb6
26.Re2e7 Bd7c6
27.Kb1 Bc6d5
28.b3 Kf8
29.Re7d7 Bd5c6
30.Rd7c7 Bc6d5
31.Re1e7 Ra8e8
32.Re7d7 c4
33.bxc4 Bd5f3
34.Rd7xf7 Kg8
35.Rf7xg7 Kh8
36.f6 { resign }
1-0

[Event "Tourn. n9251"]
[Site "www.chess-mail.com"]
[Date "2017.02.16"]
[Round "1"]
[White "Bojan"]
[Black "Norlavuaram"]
[WhiteElo "2000"]
[BlackElo "2110"]
[Result "0-1"]
[Round "1"]
1.e4 e5
2.d4 exd4
3.Qd1xd4 Nb8c6
4.Qd4c3 Bf8b4
5.Bc1d2 Bb4xc3
6.Bd2xc3 Ng8f6
7.Nb1d2 d6
8.h3 O-O
9.Bf1d3 Nc6e5
10.Bd3e2 Bc8e6
11.f4 Ne5c6
12.Ng1f3 Be6d7
13.g4 Rf8e8
14.Be2d3 Nf6xe4
15.Nd2xe4 d5
16.Nf3d2 dxe4
17.Bd3c4 Qd8h4
18.Ke2 e3
19.Nd2f1 Qh4f2
20.Kd3 e2
21.Nf1e3 Qf2xe3

0-1

[Event "Tourn. n9229"]
[Site "www.chess-mail.com"]
[Date "2017.02.16"]
[Round "1"]
[White "Francesco"]
[Black "Ffdd65"]
[WhiteElo "2010"]
[BlackElo "2120"]
[Result "1-0"]
[Round "1"]
1.e4 e5
2.Ng1f3 d6
3.d4 exd4
4.Nf3xd4 Ng8f6
5.Nb1c3 Qd8e7
6.Bf1d3 Nf6g4
7.h3 Ng4e5
8.O-O g6
9.Rf1e1 h5
10.Nc3d5 Qe7d8
11.f4 Nb8c6
12.Nd4xc6 Ne5xc6
13.f5 Nc6e7
14.Nd5f6 
1-0

[Event "Tourn. n9230"]
[Site "www.chess-mail.com"]
[Date "2017.02.16"]
[Round "1"]
[White "Bojan"]
[Black "Yaw1"]
[WhiteElo "2020"]
[BlackElo "2099"]
[Result "1-0"]
[Round "1"]
1.e4 c5
2.Bf1c4 e6
3.Ng1f3 Nb8c6
4.d4 a6
5.Bc1f4 Bf8e7
6.d5 Nc6a7
7.Qd1e2 b5
8.Bc4b3  { time }
1-0

[Event "Tourn. n9212"]
[Site "www.chess-mail.com"]
[Date "2017.02.16"]
[Round "1"]
[White "Olddog55"]
[Black "Cal"]
[WhiteElo "1800"]
[BlackElo "1640"]
[Result "0-1"]
[Round "1"]
1.d4 d5
2.Ng1f3 h6
3.e3 a6
4.Bf1d3 Ng8f6
5.Nf3e5 e6
6.f4 Bf8b4
7.c3 Bb4a5
8.O-O b5
9.b3 Ba5b6
10.Bc1a3 Bc8d7
 { time }
0-1

[Event "Tourn. n9183"]
[Site "www.chess-mail.com"]
[Date "2017.02.16"]
[Round "1"]
[White "Lucaschess"]
[Black "Cal"]
[WhiteElo "1499"]
[BlackElo "1580"]
[Result "1-0"]
[Round "1"]
1.e4 e5
2.Ng1f3 d6
3.Bf1c4 h6
4.d4 exd4
5.Nf3xd4 Nb8c6
6.Nd4xc6 bxc6
7.O-O Ng8f6
8.Rf1e1 Bf8e7
9.e5 Nf6h7
10.Qd1f3 d5
11.Bc4d3 O-O
12.c4 Bc8e6
13.Nb1c3 a5
14.Qf3g3 dxc4
15.Bc1xh6 Be7g5
16.Bd3xh7 Kxh7
17.Bh6xg5 f6
18.exf6 Rf8h8
19.fxg7 Qd8d4
20.Re1xe6 Qd4xg7
21.Re6e7 Qg7xe7
22.Bg5xe7 Ra8e8
23.Qg3h4 Kg8
24.Qh4g5 Kh7
25.Ra1e1 Rh8f8
26.Re1e6 Rf8xf2
27.Re6h6 { resign }
1-0

[Event "Tourn. n9133"]
[Site "www.chess-mail.com"]
[Date "2017.02.16"]
[Round "1"]
[White "Bigrezi"]
[Black "Luban"]
[WhiteElo "1910"]
[BlackElo "2060"]
[Result "0-1"]
[Round "1"]
1.e4 c5
2.Nb1c3 e6
3.g3 d5
4.exd5 exd5
5.Bf1g2 Bc8e6
6.d4 h6
7.Ng1f3 Ng8f6
8.O-O Bf8e7
9.Rf1e1 O-O
10.Bc1e3 c4
11.Be3f4 a6
12.Nf3e5 Nb8c6
13.Re1e2 Ra8c8
14.a3 b5
15.h3 Be7d6
16.Ne5xc6 Rc8xc6
17.Bf4xd6 Rc6xd6
18.Qd1d2 Qd8d7
19.Ra1e1 Be6xh3
20.Re2e7 Qd7g4
21.a4 b4
22.Nc3e2 Bh3xg2
23.Kxg2 Nf6e4
24.Qd2d1 Rd6g6
25.Ne2f4 Qg4xd1
26.Re1xd1 Rg6d6
27.Rd1e1 f5
28.Re7b7 g5
29.Nf4h5 Rf8f7
30.Rb7xb4 Kh7
31.f3 Ne4f6
32.Nh5xf6 Rd6xf6
33.Re1e5 Rf6d6
34.a5 Kg7
35.Rb4b6 Rf7f6
36.Re5e7 Kg6
37.Rb6b7 Kh5
38.Kh2 Rd6e6
39.Re7xe6 Rf6xe6
40.c3 f4
41.g4 Kh4
42.Kg2 Re6e2
43.Kf1 Re2c2
44.Rb7b6 Kg3
45.Rb6xa6 Kxf3
46.Ra6xh6 Rc2c1

0-1

[Event "Tourn. n9074"]
[Site "www.chess-mail.com"]
[Date "2017.02.16"]
[Round "1"]
[White "Roque1"]
[Black "Odin"]
[WhiteElo "1800"]
[BlackElo "1880"]
[Result "1-0"]
[Round "1"]
1.e4 e6
2.d4 d5
3.e5 c5
4.Ng1f3 Bf8e7
5.Bf1d3 Nb8d7
6.Bc1e3 c4
7.Bd3e2 h6
8.O-O b5
9.b3 f6
10.Nb1c3 a6
11.a4 Bc8b7
12.axb5 axb5
13.Nc3xb5 Ra8xa1
14.Qd1xa1 Be7b4
15.bxc4 dxc4
16.Be2xc4 Qd8a8
17.Nb5c7 Kd8
18.Nc7xa8 Ng8e7
19.Rf1b1 Bb7xf3
20.Rb1xb4 Bf3d5
21.Bc4xd5 Ne7xd5
22.Qa1a5 Ke7
23.Rb4b7 fxe5
24.Qa5c5 Kf6
25.Na8c7 Nd7xc5
26.dxc5 Kf5
27.Nc7xd5 exd5
28.c6 d4
29.Be3d2 Rh8a8
30.Rb7b1 Ra8c8
31.Rb1b6 g5
32.f3 g4
33.fxg4 Kxg4
34.Bd2xh6 e4
35.Kf2 Kh5
36.Bh6f4 Kg4
37.Bf4g3 Rc8f8
38.Ke2 Rf8a8
39.c7 d3
40.cxd3 exd3
41.Kxd3 Kf5
42.Rb6b8 Ra8a3
43.Kc4 Ra3c3
44.Kxc3 { resign }
1-0

[Event "Match"]
[Site "www.echecsemail.com"]
[Date "2017.02.16"]
[Round "1"]
[White "Yoj"]
[Black "Paco"]
[WhiteElo "1809"]
[BlackElo "1880"]
[Result "0-1"]
[Round "1"]
1.Ng1f3 d5
2.c4 d4
3.Qd1a4 c6
4.Nf3xd4 Bc8d7
5.e3 c5
6.Nd4b5 a6
7.d4 cxd4
8.exd4 Nb8c6
9.Bc1f4 axb5
10.Qa4d1 bxc4
11.Bf1xc4 Qd8a5
12.Nb1c3 b5
13.Bc4xb5 e6
14.O-O Ng8f6
15.Bb5xc6 Bd7xc6
16.Bf4d2 Bf8b4
 { time }
0-1

[Event "Match"]
[Site "www.echecsemail.com"]
[Date "2017.02.16"]
[Round "1"]
[White "Micheles"]
[Black "Manolinex"]
[WhiteElo "2560"]
[BlackElo "2890"]
[Result "0-1"]
[Round "1"]
1.d4 Ng8f6
2.Ng1f3 e6
3.Bc1g5 Bf8e7
4.Nb1d2 h6
5.Bg5h4 d5
6.e3 O-O
7.Bf1d3 Nb8d7
8.O-O b6
9.Nf3e5 Nd7xe5
10.dxe5 Nf6d7
11.Bh4xe7 Qd8xe7
12.f4 Bc8b7
13.c3 a5
14.Bd3c2 Bb7a6
15.Rf1f2 f6
16.exf6 Nd7xf6
17.Qd1f3 e5
18.f5 e4
19.Qf3f4 c5
20.Ra1d1 Ba6d3
21.Nd2f1 c4
22.Nf1g3 b5
23.Rd1a1 b4
24.a4 bxc3
25.bxc3 Ra8b8
26.Bc2d1 Rb8b6
27.Rf2a2 d4
28.exd4 Nf6d5
29.Qf4d2 Rf8b8
{ resign }
0-1

[Event "Match"]
[Site "www.echecsemail.com"]
[Date "2017.02.16"]
[Round "1"]
[White "Stevep84"]
[Black "Pare123"]
[WhiteElo "2270"]
[BlackElo "2080"]
[Result "1-0"]
[Round "1"]
1.e4 g6
2.d4 Bf8g7
3.c4 d6
4.Nb1c3 Nb8c6
5.d5 Bg7xc3
6.bxc3 Nc6e5
7.f4 Ne5d7
8.Qd1d4 Nd7f6
9.e5 dxe5
10.fxe5 Nf6h5
11.e6 f6
12.c5 Nh5g7
13.Bf1b5 Kf8
14.Bb5c4 Ng7f5
15.Qd4g4 Kg7
16.Bc1f4 Ng8h6
17.Qg4f3 g5
18.Bf4d2 Rh8g8
19.g4 Nf5h4
20.Qf3e4 Kh8
21.Bc4d3 Nh4g6
22.h4 Rg8g7
23.hxg5 Nh6g8
24.Ng1e2 Qd8e8
25.Ne2d4 c6
26.d6 exd6
27.cxd6 c5
28.d7 Bc8xd7
29.exd7 Qe8xd7
30.Bd3b5 Qd7e7
31.Qe4xe7 Rg7xe7
32.Nd4e2 a6
33.Bb5d3 Kg7
34.O-O-O Ra8d8
35.Bd3xg6 hxg6
36.gxf6 Kxf6
37.Bd2g5 Kxg5
38.Rd1xd8 Re7xe2
39.Rd8xg8 Re2xa2
40.Rh1d1 Ra2g2
41.Rd1d5 Kf4
42.Rg8xg6 Rg2g1
43.Kc2 Ke4
44.Rd5xc5 { resign }
1-0

[Event "Match"]
[Site "www.echecsemail.com"]
[Date "2017.02.16"]
[Round "1"]
[White "Yoj"]
[Black "Pare123"]
[WhiteElo "1889"]
[BlackElo "2090"]
[Result "0-1"]
[Round "1"]
1.Nb1c3 e5
2.e4 Ng8f6
3.Bf1c4 c6
4.d3 a5
5.a4 Bf8c5
6.h3 h6
7.Ng1f3 O-O
8.Nf3xe5 d6
9.Ne5xf7 Rf8xf7
10.Bc4xf7 Kxf7
11.d4 Bc5b4
12.O-O Bb4xc3
13.bxc3 Qd8e7
14.f3 Bc8e6
15.Bc1a3 Qe7c7
16.Qd1e2 Nb8d7
17.c4 b6
18.d5 cxd5
19.cxd5 Be6xd5
20.exd5 Nf6xd5
 { time }
0-1

[Event "1/16 Finale"]
[Site "www.chess-mail.com"]
[Date "2017.02.16"]
[Round "1"]
[White "Asoka"]
[Black "Sportuga"]
[WhiteElo "2690"]
[BlackElo "2360"]
[Result "1-0"]
[Round "1"]
1.d4 Ng8f6
2.c4 e6
3.Nb1c3 Bf8b4
4.e3 O-O
5.Ng1f3 b6
6.Bf1e2 Nf6e4
7.Bc1d2 Bb4xc3
8.Bd2xc3 Ne4xc3
9.bxc3 Bc8b7
10.O-O d6
11.Be2d3 Nb8d7
12.Rf1e1 Qd8f6
13.e4 c5
14.a4 cxd4
15.cxd4 e5
16.Bd3f1 Rf8e8
17.a5 bxa5
18.dxe5 Nd7xe5
19.Nf3d4 Ne5c6
20.Nd4b5 Re8d8
21.Ra1a2 a6
22.Nb5c7 Ra8b8
23.Nc7d5 Qf6h6
24.Re1e3 Bb7c8
25.Ra2d2 Qh6e6
26.Qd1a4 Bc8d7
27.Qa4d1 Nc6e5
28.f4 Ne5c6
29.Bf1e2 Rb8b7
30.Nd5c3 Qe6f6
31.g3 Bd7e6
32.Be2f3 Rb7c7
33.Re3d3 Rd8f8
34.Nc3d5 Be6xd5
35.Rd3xd5 Qf6c3
36.Rd5xd6 h6
37.Kg2 Nc6e7
38.Rd2c2 Qc3a3
39.Rd6d8 Ne7c6
40.Rd8xf8 Qa3xf8
41.e5 Nc6b4
42.Rc2d2 Rc7c8
43.Rd2d6 a4
44.Bf3g4 { resign }
1-0

[Event "1/4 Finale"]
[Site "www.chess-mail.com"]
[Date "2017.02.16"]
[Round "1"]
[White "Asoka"]
[Black "Manolinex"]
[WhiteElo "2720"]
[BlackElo "2890"]
[Result "0-1"]
[Round "1"]
1.e4 c5
2.Ng1f3 d6
3.d4 cxd4
4.Nf3xd4 Ng8f6
5.Nb1c3 a6
6.Bc1e3 e5
7.Nd4b3 Bc8e6
8.Bf1e2 Bf8e7
9.Qd1d3 O-O
10.O-O Nb8d7
11.Nc3d5 Be6xd5
12.exd5 g6
13.Be3h6 Rf8e8
14.c4 a5
15.Rf1e1 b6
16.Qd3c2 Ra8c8
17.Qc2d3 Be7f8
18.Bh6e3 Bf8g7
19.Ra1d1 Qd8e7
20.h3 Nd7c5
21.Nb3xc5 bxc5
22.Be3g5 Qe7f8
23.h4 Nf6d7
24.Qd3h3 f5
25.g4 f4
26.Be2d3 Bg7f6
27.Bg5xf6 Nd7xf6
28.Rd1b1 e4
29.Bd3c2 h6
30.f3 Rc8c7
31.Re1e2 Qf8g7
32.Kh1 Rc7e7
33.Rb1e1 exf3
34.Qh3xf3 Nf6d7
35.Re2xe7 Re8xe7
36.Re1e6 Nd7f8
37.Re6xe7 Qg7xe7
38.h5 Nf8d7
39.Bc2xg6 Qe7g5
40.Bg6c2 Nd7e5
41.Qf3e4 Kf8
42.Qe4f5 Qg5xf5
43.gxf5 Ne5xc4
44.Kg1 Nc4xb2
{ resign }
0-1